000 00357nam a2200145Ia 4500
008 230917s9999||||xx |||||||||||||| ||und||
040 _e42855
_aMAIN
041 _aEnglish
082 _a820.09 C457F
100 _aChoudhri, A D
245 4 _aThe face of illusion in American drama
260 _aDelhi
_bMacmillan
_c1979
300 _a147 p.
942 _cBK
999 _c229050
_d229050